[Event "Barcelona Vila de Gracia op 23rd"]
[Site "Barcelona"]
[Date "2019.10.25"]
[Round "2"]
[White "Hill Guell, Pau"]
[Black "Boix Moreno, Daniel"]
[Result "0-1"]
[WhiteElo "1886"]
[BlackElo "2277"]
[PlyCount "98"]
[EventDate "2019.10.11"]
[EventType "swiss"]
[EventRounds "9"]
[EventCountry "ESP"]
[SourceTitle "CBM 194 Extra"]
[Source "ChessBase"]
[SourceDate "2020.03.31"]
[SourceVersion "1"]
[SourceVersionDate "2020.03.31"]
[SourceQuality "1"]

1. e4 c5 2. Nc3 Nc6 3. d3 e6 4. f4 d5 5. Nf3 Be7 6. Bd2 Rb8 7. g3 b5 8. Bg2 b4 9. Ne2 dxe4 10. dxe4 Nf6 11. e5 Nd5 12. c4 bxc3 13. bxc3 Ba6 14. Qa4 Bb5 15. Qe4 Na5 16. Rb1 Bc4 17. Kf2 f5 18. exf6 Nxf6 19. Qc2 Ng4+ 20. Ke1 Rxb1+ 21. Qxb1 Bd3 22. Qd1 Nc4 23. Bh3 h5 24. Qa4+ Qd7 25. Qxd7+ Kxd7 26. Nc1 Be4 27. Rf1 Kc7 28. Ke2 Rd8 29. Be1 Bb7 30. Ng5 Bxg5 31. fxg5 Nce5 32. c4 Rd4 33. Ba5+ Kd6 34. Bxg4 hxg4 35. Bc3 Bf3+ 36. Kf2 Rxc4 37. Bxe5+ Kxe5 38. Nd3+ Kd4 39. Ne1 Be4 40. Kg1 Ke3 41. Ng2+ Bxg2 42. Kxg2 Rc2+ 43. Kg1 c4 44. Re1+ Re2 45. Rc1 Kd3 46. Rd1+ Rd2 47. Re1 c3 48. Rxe6 c2 49. Rd6+ Ke2 0-1

[Event "Sant Adria de Besos op 2nd B"]
[Site "Sant Adria de Besos"]
[Date "2018.08.12"]
[Round "3.2"]
[White "Hill Guell, Pau"]
[Black "Onyango, Adia"]
[Result "1-0"]
[WhiteElo "1868"]
[BlackElo "1741"]
[PlyCount "83"]
[EventDate "2018.08.10"]
[EventType "swiss"]
[EventRounds "9"]
[EventCountry "ESP"]
[SourceTitle "EXT 2024"]
[Source "ChessBase"]
[SourceDate "2023.10.10"]
[SourceVersion "1"]
[SourceVersionDate "2023.10.10"]
[SourceQuality "1"]

1. e4 c6 2. d4 d5 3. e5 c5 4. c3 Nc6 5. Nf3 Bg4 6. Be2 e6 7. Nbd2 Qb6 8. h3 Bxf3 9. Nxf3 cxd4 10. cxd4 Nge7 11. g4 Ng6 12. a3 Be7 13. h4 Rc8 14. h5 Nf8 15. b4 Nd7 16. g5 f6 17. h6 fxe5 18. hxg7 Rg8 19. Rxh7 e4 20. Nh4 Nxd4 21. Bh5+ Kd8 22. Be3 Nc2+ 23. Qxc2 Qxe3+ 24. fxe3 Rxc2 25. Rh8 Bxg5 26. Rxg8+ Kc7 27. Rc8+ Kxc8 28. g8Q+ Bd8 29. Kd1 Rc4 30. Rc1 Rxc1+ 31. Kxc1 Kc7 32. Ng2 Nf6 33. Qxe6 Nxh5 34. Qe5+ Kc6 35. Qxh5 Bb6 36. Qg6+ Kb5 37. Kb2 Kc4 38. Qe6 Kd3 39. Qxd5+ Ke2 40. Qxe4 Kf2 41. Nh4 Kg3 42. Qf4+ 1-0

[Event "Martorell op 35th"]
[Site "Martorell"]
[Date "2017.09.23"]
[Round "2"]
[White "Hill Guell, Pau"]
[Black "Hernando Rodrigo, Inmaculada"]
[Result "1-0"]
[WhiteElo "1952"]
[BlackElo "1836"]
[PlyCount "63"]
[EventDate "2017.09.16"]
[EventType "swiss"]
[EventRounds "9"]
[EventCountry "ESP"]
[SourceTitle "CBM 189 Extra"]
[Source "ChessBase"]
[SourceDate "2019.06.03"]
[SourceVersion "1"]
[SourceVersionDate "2019.06.03"]
[SourceQuality "1"]

1. e4 c5 2. Nc3 Nc6 3. Bc4 e6 4. d3 Na5 5. Nf3 Nxc4 6. dxc4 d6 7. 0-0 Ne7 8. Bg5 h6 9. Nb5 d5 10. e5 hxg5 11. Nd6+ Kd7 12. Nxf7 Qe8 13. cxd5 exd5 14. Nxh8 Qh5 15. e6+ Ke8 16. Nf7 Bxe6 17. N7xg5 Bg4 18. Re1 Rd8 19. Qd3 c4 20. Qa3 Bxf3 21. Qa4+ Rd7 22. Nxf3 Kd8 23. Nd4 Qf7 24. Qxa7 Nc8 25. Qa8 Rd6 26. Qa5+ Kd7 27. Nf3 Qf5 28. Ne5+ Ke7 29. Nxc4+ Re6 30. Rxe6+ Kxe6 31. Re1+ Kf6 32. Ne3 1-0

[Event "Torredembarra op 19th"]
[Site "Torredembarra"]
[Date "2017.07.02"]
[Round "2"]
[White "Pogorelov, Ruslan"]
[Black "Hill Guell, Pau"]
[Result "1-0"]
[WhiteElo "2341"]
[BlackElo "1929"]
[PlyCount "29"]
[EventDate "2017.07.01"]
[EventType "swiss"]
[EventRounds "9"]
[EventCountry "ESP"]
[SourceTitle "CBM 179 Extra"]
[Source "ChessBase"]
[SourceDate "2017.08.23"]
[SourceVersion "1"]
[SourceVersionDate "2017.08.23"]
[SourceQuality "1"]

1. Nf3 Nf6 2. c4 g6 3. Nc3 Bg7 4. e4 d6 5. d4 0-0 6. Be2 c6 7. 0-0 a6 8. h3 b5 9. e5 dxe5 10. dxe5 Qxd1 11. Rxd1 Ne8 12. Bg5 f6 13. exf6 exf6 14. Bf4 Be6 15. Rd8 1-0

[Event "Vilafranca del Penedes op 10th"]
[Site "Vilafranca del Penedes"]
[Date "2016.04.29"]
[Round "5.6"]
[White "Hill Guell, Pau"]
[Black "Pique Safont, Joan Manel"]
[Result "1/2-1/2"]
[WhiteElo "2050"]
[BlackElo "2172"]
[PlyCount "41"]
[EventDate "2016.04.01"]
[EventType "swiss"]
[EventRounds "8"]
[EventCountry "ESP"]
[SourceTitle "EXT 2024"]
[Source "ChessBase"]
[SourceDate "2023.10.10"]
[SourceVersion "1"]
[SourceVersionDate "2023.10.10"]
[SourceQuality "1"]

1. e4 d5 2. exd5 Nf6 3. Nc3 Nxd5 4. Bc4 Nb6 5. Bb3 Nc6 6. Nf3 Bf5 7. d3 e6 8. Bf4 Be7 9. Qd2 a5 10. a4 0-0 11. 0-0 Bf6 12. Nb5 Rc8 13. Rad1 Bg4 14. Qe3 Nd5 15. Bxd5 exd5 16. Rfe1 d4 17. Qe2 Qd7 18. h3 Bf5 19. Qd2 h6 20. Bg3 Nb4 21. Re2 1/2-1/2

[Event "Vilafranca del Penedes op 8th"]
[Site "Vilafranca del Penedes"]
[Date "2014.05.23"]
[Round "8"]
[White "Rafols Albet, Josep"]
[Black "Hill Guell, Pau"]
[Result "1-0"]
[WhiteElo "2157"]
[BlackElo "2069"]
[PlyCount "84"]
[EventDate "2014.03.28"]
[EventType "swiss"]
[EventRounds "8"]
[EventCountry "ESP"]
[SourceTitle "EXT 2015"]
[Source "ChessBase"]
[SourceDate "2014.11.20"]
[SourceVersion "1"]
[SourceVersionDate "2014.11.20"]
[SourceQuality "1"]

1. b3 e5 2. Bb2 d6 3. e3 Be6 4. Nf3 Nh6 5. c4 Be7 6. Nc3 Nd7 7. Rc1 f6 8. Bd3 Nc5 9. Bb1 Bf7 10. Nh4 Qd7 11. e4 g6 12. h3 f5 13. Nf3 Ne6 14. Nd5 c5 15. Bc2 fxe4 16. b4 0-0 17. Bxe4 cxb4 18. d4 exd4 19. Nxd4 Nc5 20. Nc6 Bxd5 21. Bxd5+ Nf7 22. Qd4 Ne6 23. Qe3 bxc6 24. Bxe6 Qd8 25. Qf3 Bg5 26. Rc2 Qa5 27. 0-0 Rae8 28. Re2 Rxe6 29. Rxe6 Qxa2 30. Qe2 Bf4 31. Ra1 Qb3 32. Rxa7 Ne5 33. Ree7 Rb8 34. Rg7+ Kf8 35. Rxh7 Kg8 36. Rag7+ Kf8 37. Bxe5 Qb1+ 38. Qf1 Qxf1+ 39. Kxf1 Bxe5 40. Rf7+ Kg8 41. Rb7 Re8 42. f3 Re6 1-0